| 000 | 00831cab a2200229 4500 | ||
|---|---|---|---|
| 001 | WB3031-13 | ||
| 008 | 090401t1994 xxu||||| |||| 00| 0 eng d | ||
| 035 | _a(Sirsi) u29996 | ||
| 041 | _aeng | ||
| 245 | _aOccupiers ignorant of costs | ||
| 260 | _c1994 | ||
| 350 | _a0 | ||
| 490 |
_aEstates Gazette _v(9432) 13 August 1994, 22 |
||
| 490 |
_aProperty Week _v48(6/7) 11/18 August 1994, 8(1) |
||
| 520 | _aA survey of occupiers conducted for Richard Ellis reveals widespread ignorance of property matters, particularly of occupancy costs per employee and the capital value of premises, besides factors influencing company relocations. | ||
| 650 | _aOCCUPANCY COSTS | ||
| 650 | _aOPERATIONAL PROPERTY ASSETS | ||
| 650 | _aPROPERTY ASSETS | ||
| 690 | _aCOMMERCIAL PROPERTY-MANAGEMENT | ||
| 942 | _n0 | ||
| 948 | _c04/03/1997 | ||
| 999 |
_c20188 _d20188 |
||